Conservation of tropical forest birds : (Record no. 35064)

MARC details
000 -LEADER
fixed length control field 01569cam a2200325 a 4500
001 - CONTROL NUMBER
control field 4791465
003 - CONTROL NUMBER IDENTIFIER
control field OSt
005 - DATE AND TIME OF LATEST TRANSACTION
control field 20220418105710.0
008 - FIXED-LENGTH DATA ELEMENTS--GENERAL INFORMATION
fixed length control field 870917s1985 enka b 100 0 eng
010 ## - LIBRARY OF CONGRESS CONTROL NUMBER
LC control number 87132722
020 ## - INTERNATIONAL STANDARD BOOK NUMBER
International Standard Book Number 0946888051 (pbk.)
040 ## - CATALOGING SOURCE
Original cataloging agency DLC
Transcribing agency HU
Modifying agency DLC
043 ## - GEOGRAPHIC AREA CODE
Geographic area code w------
050 00 - LIBRARY OF CONGRESS CALL NUMBER
Classification number QL695.5
Item number .C66 1985
082 00 - DEWEY DECIMAL CLASSIFICATION NUMBER
Classification number 639.9/78
Edition number 19
245 00 - TITLE STATEMENT
Title Conservation of tropical forest birds :
Remainder of title proceedings of a workshop and symposium held at the XVIII World Conference of the International Council for Bird Preservation, 7, 8, and 10 August 1982, Kings College, Cambridge, England /
Statement of responsibility, etc. edited by A.W. Diamond and T.E. Lovejoy.
260 ## - PUBLICATION, DISTRIBUTION, ETC.
Place of publication, distribution, etc. Cambridge, England :
Name of publisher, distributor, etc. The Council,
Date of publication, distribution, etc. c1985.
300 ## - PHYSICAL DESCRIPTION
Extent xiv, 318 p. :
Other physical details ill. ;
Dimensions 22 cm.
440 #0 - SERIES STATEMENT/ADDED ENTRY--TITLE
Title ICBP technical publication ;
Volume/sequential designation no. 4
9 (RLIN) 36319
500 ## - GENERAL NOTE
General note Proceedings of the Symposium on Tropical Forest Bird Conservation, held in Cambridge at the XVIII World Conference of the International Council for Bird Preservation.
504 ## - BIBLIOGRAPHY, ETC. NOTE
Bibliography, etc. note Includes bibliographies.
650 #0 - SUBJECT ADDED ENTRY--TOPICAL TERM
Topical term or geographic name entry element Forest birds
Geographic subdivision Tropics
Form subdivision Congresses.
9 (RLIN) 36320
650 #0 - SUBJECT ADDED ENTRY--TOPICAL TERM
Topical term or geographic name entry element Birds
General subdivision Conservation
Geographic subdivision Tropics
Form subdivision Congresses.
9 (RLIN) 36321
700 1# - ADDED ENTRY--PERSONAL NAME
Personal name Diamond, A. W.
Fuller form of name (Antony William),
Dates associated with a name 1944-
9 (RLIN) 36322
700 1# - ADDED ENTRY--PERSONAL NAME
Personal name Lovejoy, Thomas E.
9 (RLIN) 22153
710 2# - ADDED ENTRY--CORPORATE NAME
Corporate name or jurisdiction name as entry element International Council for Bird Preservation.
Subordinate unit World Conference
Number of part/section/meeting (18th :
Date of meeting or treaty signing 1982 :
Location of meeting Cambridge, England)
9 (RLIN) 36323
711 2# - ADDED ENTRY--MEETING NAME
Meeting name or jurisdiction name as entry element Symposium on Tropical Forest Bird Conservation
Date of meeting or treaty signing (1982 :
Location of meeting Cambridge, England)
9 (RLIN) 36324
906 ## - LOCAL DATA ELEMENT F, LDF (RLIN)
a 7
b cbc
c orignew
d 3
e ncip
f 19
g y-gencatlg
942 ## - ADDED ENTRY ELEMENTS (KOHA)
Source of classification or shelving scheme Dewey Decimal Classification
Koha item type Books like text book referance book
Suppress in OPAC No
Holdings
Withdrawn status Lost status Source of classification or shelving scheme Damaged status Not for loan Collection code Home library Current library Shelving location Date acquired Total Checkouts Full call number Barcode Date last seen Copy number Price effective from Koha item type
    Dewey Decimal Classification     Reference Wondo Genet Library Wondo Genet Library General Stacks 04/18/2022   639.9/78 CON 1985 WGCFNRL00019683 04/18/2022 1 04/18/2022 Books like text book referance book